[Event "18th WCh U20 Girls"]
[Site "Yerevan ARM"]
[Date "2000.09.26"]
[Round "8"]
[White "Radziewicz, Iweta"]
[Black "Zimina, Olga"]
[Result "0-1"]
[WhiteElo "2379"]
[BlackElo "2263"]
[EventDate "2000.09.02"]
[PlyCount "120"]

1.d4 Nf6 2.c4 c5 3.d5 e6 4.Nc3 exd5 5.cxd5 d6 6.e4 g6 7.h3 Bg7 8.Nf3 O-O 
9.Bd3 a6 10.a4 Re8 11.O-O Nbd7 12.Re1 Qc7 13.Bf1 Rb8 14.Bf4 Nh5 15.Bd2 c4 
16.Rc1 b5 17.axb5 axb5 18.b4 cxb3 19.Nxb5 Qd8 20.Nxd6 b2 21.Rxc8 Rxc8 22.
Nxe8 Rc1 23.Nxg7 Rxd1 24.Rxd1 Qc7 25.Nxh5 Qc2 26.Re1 gxh5 27.e5 Nxe5 28.
Nxe5 Qxd2 29.Rb1 Qc1 30.Rxc1 bxc1=Q 31.h4 Qf4 32.Nf3 Kf8 33.Bd3 h6 34.Bb5 
Ke7 35.Bc6 Kd6 36.Kf1 Qc1+ 37.Ke2 Kc5 38.g3 Qc4+ 39.Ke3 f5 40.Nd2 f4+ 41.
gxf4 Qd4+ 42.Ke2 Qxf4 43.f3 Qxh4 44.Ne4+ Kd4 45.d6 Qh2+ 46.Kd1 Qg1+ 47.Kc2
Qg2+ 48.Kb3 Qxf3+ 49.Kb4 Qf8 50.Kb5 Qb8+ 51.Ka6 h4 52.d7 h3 53.Bb7 h2 54.
Bc8 Qc7 55.Ng3 Kc5 56.Ne4+ Kc6 57.d8=Q Qxd8 58.Bb7+ Kc7 59.Nc5 Qd6+ 60.Kb5
Qxc5+ 0-1

[Event "18th WCh U20 Girls"]
[Site "Yerevan ARM"]
[Date "2000.09.26"]
[Round "8"]
[White "Pina Vega, Sulennis"]
[Black "Khukhashvili, Sopiko"]
[Result "1-0"]
[WhiteElo "2312"]
[BlackElo "2272"]
[EventDate "2000.09.02"]
[PlyCount "69"]

1.e4 c5 2.Nf3 d6 3.Bc4 e6 4.Qe2 a6 5.d3 Be7 6.c3 Nf6 7.Bb3 h6 8.O-O Nc6 9.
Re1 O-O 10.Nbd2 b5 11.Nf1 Re8 12.h3 Qc7 13.Ng3 d5 14.e5 Nd7 15.d4 cxd4 16.
cxd4 a5 17.Be3 Ba6 18.Nh2 Bf8 19.Rac1 Qb7 20.Qg4 Ncxe5 21.dxe5 Nxe5 22.Qd1
Nc4 23.Bd4 Rad8 24.Ng4 f5 25.Ne5 a4 26.Bc2 a3 27.b3 Nxe5 28.Bxe5 d4 29.Bd3
Bb4 30.Rc7 Qd5 31.Rxg7+ Kf8 32.Qh5 Re7 33.Qg6 Rxg7 34.Qxg7+ Ke8 35.Nh5 1-0

[Event "18th WCh U20 Girls"]
[Site "Yerevan ARM"]
[Date "2000.09.26"]
[Round "8"]
[White "Batyte, Daiva"]
[Black "Ramaswamy, Aarthie"]
[Result "0-1"]
[WhiteElo "2164"]
[BlackElo "2319"]
[EventDate "2000.09.02"]
[PlyCount "74"]

1.e4 c5 2.Nf3 Nc6 3.Bb5 e6 4.O-O Nge7 5.b3 Ng6 6.Bb2 Qc7 7.Bxc6 bxc6 8.Re1
f6 9.Na3 Be7 10.e5 O-O 11.Nc4 fxe5 12.Ncxe5 Nxe5 13.Nxe5 d6 14.Nc4 e5 15.
d3 Be6 16.Qe2 Rae8 17.Rad1 Qd7 18.Nd2 Bh4 19.Rf1 Bg4 20.f3 Bh5 21.Bc1 Qe7 
22.Ne4 d5 23.Ng3 Bg6 24.Be3 Bg5 25.Rfe1 Bf4 26.Bf2 Qd6 27.c3 Rf7 28.d4 
cxd4 29.Rxd4 exd4 30.Qxe8+ Rf8 31.Qe6+ Qxe6 32.Rxe6 dxc3 33.Rxc6 c2 34.Ne2
Bd2 35.Bxa7 Re8 36.Kf2 Bd3 37.Nf4 Bxf4 0-1

[Event "18th WCh U20 Girls"]
[Site "Yerevan ARM"]
[Date "2000.09.26"]
[Round "8"]
[White "Pahtz, Elisabeth"]
[Black "Galoian, Lilit"]
[Result "1-0"]
[WhiteElo "2343"]
[BlackElo "2114"]
[EventDate "2000.09.02"]
[PlyCount "143"]

1.g3 d5 2.Bg2 g6 3.d3 Bg7 4.Nf3 e5 5.Nc3 Ne7 6.e4 c6 7.Qe2 O-O 8.O-O Qc7 
9.Bd2 Nd7 10.Nh4 dxe4 11.dxe4 Kh8 12.Nd1 f5 13.exf5 Nxf5 14.Bg5 Nxh4 15.
Bxh4 Nc5 16.Bg5 Ne6 17.Qd2 Nd4 18.c3 Nf3+ 19.Bxf3 Rxf3 20.Kg2 Rf8 21.f3 
Be6 22.Qe2 h6 23.Bd2 Qf7 24.Ne3 Rad8 25.Be1 b5 26.a4 Qb7 27.Rf2 a6 28.Rd1 
c5 29.Rxd8 Rxd8 30.Qc2 Qf7 31.Qe4 Bc8 32.Ng4 Re8 33.axb5 axb5 34.Qc6 Bb7 
35.Qxb5 h5 36.Ne3 Rf8 37.Qe2 Bc6 38.Nc4 Qe6 39.Nd2 Bd5 40.Ne4 c4 41.Qe3 
Qc6 42.Re2 Kh7 43.Bd2 Qd7 44.h4 Qf5 45.Rf2 Kh8 46.Qe2 Be6 47.Bg5 Qh3+ 48.
Kg1 Bd5 49.Qf1 Qf5 50.Qe1 Qh3 51.Qf1 Qf5 52.Nd2 Kh7 53.Kg2 Be6 54.Kh2 Rc8 
55.Ne4 Rc6 56.Rd2 Rc7 57.Bd8 Rc6 58.Be7 Bh6 59.Rd8 Bf7 60.Qe2 Rb6 61.Bc5 
Ra6 62.Nd6 Qe6 63.Qd1 Bg7 64.Ne4 Bf6 65.Rd7 Kg8 66.Qd2 Kg7 67.Rb7 Rc6 68.
Bb4 Rc8 69.Qe3 Rd8 70.Rb6 Rd3 71.Rxe6 Rxe3 72.Rxf6 1-0

[Event "18th WCh U20 Girls"]
[Site "Yerevan ARM"]
[Date "2000.09.26"]
[Round "8"]
[White "Gvetadze, Sopio"]
[Black "Calotescu, Ana-Cristina"]
[Result "0-1"]
[WhiteElo "2196"]
[BlackElo "2222"]
[EventDate "2000.09.02"]
[PlyCount "96"]

1.e4 c5 2.Nf3 d6 3.d4 Nf6 4.dxc5 Qa5+ 5.Bd2 Qxc5 6.Bd3 g6 7.c4 Bg4 8.h3 
Bxf3 9.Qxf3 Nc6 10.Nc3 Ne5 11.Qe2 Qd4 12.Bc2 Qxc4 13.Ba4+ Nfd7 14.Qxc4 
Nxc4 15.Nd5 Nxd2 16.Nc7+ Kd8 17.Nxa8 Nxe4 18.Bc2 Nef6 19.b4 Kc8 20.Bb3 Kb8
21.Rc1 Bh6 22.Rc2 Kxa8 23.Bxf7 Ne5 24.Bc4 Rc8 25.Bb3 Nd3+ 26.Ke2 Rxc2+ 27.
Bxc2 Nxb4 28.Bb3 Nc6 29.g3 Nd4+ 30.Kd3 Nxb3 31.axb3 e5 32.Re1 Kb8 33.Ra1 
a6 34.Rf1 Kc7 35.h4 d5 36.Ra1 Kd6 37.Ra5 Nd7 38.b4 e4+ 39.Ke2 Ne5 40.b5 
axb5 41.Rxb5 Kc6 42.Ra5 Nc4 43.Ra8 d4 44.Rc8+ Kb5 45.Rc7 d3+ 46.Ke1 b6 47.
f4 exf3 48.Rxh7 d2+ 0-1

[Event "18th WCh U20 Girls"]
[Site "Yerevan ARM"]
[Date "2000.09.26"]
[Round "8"]
[White "Plachkinova, Tatiana"]
[Black "Ionica, Iulia"]
[Result "0-1"]
[WhiteElo "2171"]
[BlackElo "2160"]
[EventDate "2000.09.02"]
[PlyCount "80"]

1.d4 Nf6 2.c4 g6 3.Nc3 Bg7 4.e4 d6 5.Be2 O-O 6.Nf3 Qe8 7.O-O e5 8.dxe5 
dxe5 9.Nd5 Na6 10.Nxf6+ Bxf6 11.Rb1 Qe7 12.a3 Nc5 13.Qc2 Rd8 14.b4 Nxe4 
15.Bd3 Nd6 16.c5 Nf5 17.Re1 Qd7 18.Bc4 Nd4 19.Nxd4 exd4 20.Bb2 b5 21.c6 
Qf5 22.Bd3 Qd5 23.Be4 Qd6 24.Rbd1 a5 25.bxa5 Rxa5 26.Qd2 Ra4 27.Bc2 Rc4 
28.Bd3 Rxc6 29.Bxb5 Rb6 30.Bc4 Ba6 31.Rc1 c5 32.a4 Bxc4 33.Rxc4 Qd5 34.
Rec1 Bg5 35.f4 Bxf4 36.Qxf4 Rxb2 37.Qg4 d3 38.Rf4 Re8 39.Rcf1 h5 40.Qg3 d2
0-1

[Event "18th WCh U20 Girls"]
[Site "Yerevan ARM"]
[Date "2000.09.26"]
[Round "8"]
[White "Gasparian, Mariana"]
[Black "Kaps, Darja"]
[Result "1-0"]
[WhiteElo "2090"]
[BlackElo "2180"]
[EventDate "2000.09.02"]
[PlyCount "65"]

1.d4 Nf6 2.Nf3 g6 3.c4 Bg7 4.g3 O-O 5.Bg2 d6 6.O-O Nc6 7.d5 Na5 8.Nfd2 c5 
9.Nc3 a6 10.Rb1 Rb8 11.Qc2 Bh6 12.b3 b5 13.f4 Ng4 14.Nd1 e6 15.Bb2 f5 16.
e4 bxc4 17.bxc4 Bd7 18.h3 Nf6 19.Ne3 exd5 20.Nxd5 Nxd5 21.exd5 Rxb2 22.
Qxb2 Bg7 23.Qb6 Bc3 24.Qxd8 Rxd8 25.Nf3 Bb4 26.Rfc1 Re8 27.Bf1 h6 28.Kf2 
Kg7 29.Rc2 Kf6 30.a3 Bxa3 31.Ra2 Bb4 32.Rxb4 cxb4 33.Rxa5 1-0

[Event "18th WCh U20 Girls"]
[Site "Yerevan ARM"]
[Date "2000.09.26"]
[Round "8"]
[White "Minnaar, Michelle"]
[Black "Aginian, Nelly"]
[Result "0-1"]
[WhiteElo "2062"]
[BlackElo "2205"]
[EventDate "2000.09.02"]
[PlyCount "112"]

1.d4 Nf6 2.Nf3 g6 3.Bg5 Bg7 4.Nbd2 d5 5.e3 O-O 6.Be2 Nbd7 7.O-O c5 8.c3 b6
9.b4 Bb7 10.Rb1 Bc6 11.dxc5 bxc5 12.b5 Bb7 13.c4 Ne4 14.Nxe4 dxe4 15.Nd2 
f5 16.f3 h6 17.Bh4 g5 18.Bf2 Be5 19.fxe4 fxe4 20.Qc2 Nf6 21.Rfd1 Qc7 22.
Nf1 h5 23.Bg3 h4 24.Bxe5 Qxe5 25.Qb2 Qf5 26.Qc3 Qf2+ 27.Kxf2 Nd5+ 28.Ke1 
Nxc3 29.Rbc1 Nxd1 30.Rxd1 Rfd8 31.Nd2 Rd6 32.Nb3 Rc8 33.a4 Kg7 34.a5 Rc7 
35.a6 Bc8 36.Rb1 Kf6 37.Na5 Rb6 38.Rd1 Bxa6 39.bxa6 Rxa6 40.Nb3 Ra3 41.Nd2
Ke5 42.Nf1 e6 43.h3 a5 44.Nh2 a4 45.Ng4+ Kf5 46.Rd8 Rb7 47.Rf8+ Kg6 48.
Rg8+ Rg7 49.Rf8 Ra1+ 50.Kd2 Ra2+ 51.Ke1 a3 52.Ne5+ Kh7 53.Bh5 Ra1+ 54.Kf2 
Ra7 55.Rf6 a2 56.Ng4 Rf1+ 0-1

[Event "18th WCh U20 Girls"]
[Site "Yerevan ARM"]
[Date "2000.09.26"]
[Round "8"]
[White "Mosin, Cristina"]
[Black "Leclair, Marie"]
[Result "1-0"]
[WhiteElo "2191"]
[BlackElo "2050"]
[EventDate "2000.09.02"]
[PlyCount "83"]

1.e4 c5 2.Nf3 Nc6 3.d4 cxd4 4.Nxd4 Nf6 5.Nc3 d6 6.Bg5 e6 7.Qd2 a6 8.O-O-O 
h6 9.Be3 Bd7 10.f4 Qa5 11.Kb1 Be7 12.h3 Qc7 13.g4 Nxd4 14.Bxd4 Bc6 15.Bg2 
e5 16.Be3 b5 17.Rhf1 Qb7 18.Nd5 Bxd5 19.exd5 Nd7 20.Qf2 Qc7 21.h4 Rc8 22.
g5 Bd8 23.f5 f6 24.gxh6 gxh6 25.Be4 Nc5 26.Bxc5 Qxc5 27.Qg2 Qa7 28.Rd3 Qf7
29.Rg3 Rc7 30.Rg1 Rh7 31.a4 bxa4 32.Qe2 Ra7 33.Qc4 a3 34.Rg8+ Ke7 35.Qc8 
Bb6 36.Re8+ Qxe8 37.Qe6+ Kd8 38.Rg8 Rhe7 39.Qxd6+ Kc8 40.Rxe8+ Rxe8 41.
Qc6+ Kd8 42.Qxb6+ 1-0

[Event "18th WCh U20 Girls"]
[Site "Yerevan ARM"]
[Date "2000.09.28"]
[Round "9"]
[White "Mkrtchian, Lilit"]
[Black "Radziewicz, Iweta"]
[Result "1/2-1/2"]
[WhiteElo "2312"]
[BlackElo "2379"]
[EventDate "2000.09.02"]
[PlyCount "106"]

1.e4 c5 2.Nf3 Nc6 3.d4 cxd4 4.Nxd4 Nf6 5.Nc3 e5 6.Ndb5 d6 7.Bg5 a6 8.Na3 
b5 9.Bxf6 gxf6 10.Nd5 Bg7 11.c3 f5 12.Bd3 Ne7 13.Nxe7 Qxe7 14.Nc2 Qb7 15.
Qf3 O-O 16.O-O d5 17.exf5 e4 18.Qf4 Qb8 19.Qxb8 Rxb8 20.Be2 Bxf5 21.Nb4 
Rbd8 22.Nxa6 Rd6 23.Bxb5 d4 24.cxd4 Bxd4 25.Nb4 Rb8 26.a4 Bd7 27.Rad1 Bxb5
28.axb5 Rxb5 29.Nc2 Bc5 30.Rxd6 Bxd6 31.b4 Rb6 32.Rb1 Rc6 33.Ne3 Bb8 34.
Nd5 Rd6 35.Rd1 Kf8 36.b5 f5 37.Kf1 Kf7 38.Ke2 Rh6 39.h3 f4 40.Nc3 f3+ 41.
Kf1 fxg2+ 42.Kxg2 Rg6+ 43.Kf1 e3 44.fxe3 Rg3 45.Rd7+ Ke6 46.Rxh7 Rxe3 47.
Ne2 Be5 48.b6 Rb3 49.b7 Kd5 50.h4 Kc6 51.Re7 Kd6 52.Rh7 Kc6 53.Re7 Kd6 
1/2-1/2

[Event "18th WCh U20 Girls"]
[Site "Yerevan ARM"]
[Date "2000.09.28"]
[Round "9"]
[White "Xu Yuanyuan"]
[Black "Zimina, Olga"]
[Result "1-0"]
[WhiteElo "2396"]
[BlackElo "2263"]
[EventDate "2000.09.02"]
[PlyCount "79"]

1.d4 Nf6 2.c4 c5 3.d5 e6 4.Nf3 exd5 5.cxd5 d6 6.e4 g6 7.h3 Bg7 8.Bd3 O-O 
9.Nc3 Re8 10.O-O c4 11.Bxc4 Nxe4 12.Nxe4 Rxe4 13.Bg5 f6 14.Bd3 Re7 15.Bf4 
Na6 16.Bxa6 bxa6 17.Nd4 Re4 18.Nc6 Qf8 19.Qf3 f5 20.Rae1 Kh8 21.Rxe4 fxe4 
22.Qxe4 Bf5 23.Qb4 Re8 24.Bxd6 Qf7 25.Re1 Rxe1+ 26.Qxe1 h5 27.Ne7 Bd7 28.
Qe4 Kh7 29.b3 Qf6 30.Bg3 Be8 31.d6 Bd7 32.h4 Bg4 33.Qa8 Be6 34.Qxa7 Qa1+ 
35.Kh2 Qxa2 36.Qe3 Bd7 37.Qd3 Qa5 38.Qxg6+ Kh8 39.Qf7 Qd8 40.Qxh5+ 1-0

[Event "18th WCh U20 Girls"]
[Site "Yerevan ARM"]
[Date "2000.09.28"]
[Round "9"]
[White "Pina Vega, Sulennis"]
[Black "Pahtz, Elisabeth"]
[Result "0-1"]
[WhiteElo "2312"]
[BlackElo "2343"]
[EventDate "2000.09.02"]
[PlyCount "76"]

1.e4 c5 2.Nf3 d6 3.Bc4 e6 4.Qe2 a6 5.c3 Nd7 6.d3 g6 7.Bg5 Ne7 8.O-O h6 9.
Bh4 g5 10.Bg3 Ng6 11.Nbd2 h5 12.h3 Qf6 13.d4 cxd4 14.cxd4 g4 15.hxg4 hxg4 
16.Nh2 Qxd4 17.Nxg4 Nge5 18.Nxe5 Nxe5 19.Bb3 Bd7 20.Rac1 Rh7 21.Rc3 Bb5 
22.Nc4 Nxc4 23.Bxc4 Bc6 24.e5 d5 25.Rd1 Qe4 26.Qxe4 dxe4 27.a3 Bh6 28.Kf1 
Bg5 29.Ke2 Rc8 30.Rd4 Ke7 31.f3 Rh1 32.fxe4 Rb1 33.b3 Bb5 34.Kf3 Bc6 35.
Ke2 Rb2+ 36.Kd1 Rh8 37.Be1 Rh1 38.Bd3 Rd2+ 0-1

[Event "18th WCh U20 Girls"]
[Site "Yerevan ARM"]
[Date "2000.09.28"]
[Round "9"]
[White "Ramaswamy, Aarthie"]
[Black "Sorokina, Anastasia"]
[Result "1/2-1/2"]
[WhiteElo "2319"]
[BlackElo "2189"]
[EventDate "2000.09.02"]
[PlyCount "53"]

1.e4 c5 2.Nf3 e6 3.d4 cxd4 4.Nxd4 Nf6 5.Nc3 Nc6 6.Be2 Bb4 7.O-O O-O 8.Nxc6
bxc6 9.e5 Ne8 10.f4 d5 11.Bd3 g6 12.Ne2 Qb6+ 13.Kh1 Ng7 14.Rf3 Ba6 15.Be3 
Qb7 16.g4 Bxd3 17.Qxd3 c5 18.c3 c4 19.Qc2 Ba5 20.Nd4 f5 21.exf6 Rxf6 22.
Raf1 Raf8 23.Qg2 Bb6 24.Qh3 Qd7 25.Qg2 R6f7 26.R3f2 Kh8 27.Rf3 1/2-1/2

[Event "18th WCh U20 Girls"]
[Site "Yerevan ARM"]
[Date "2000.09.28"]
[Round "9"]
[White "Calotescu, Ana-Cristina"]
[Black "Mohota, Nisha"]
[Result "1/2-1/2"]
[WhiteElo "2222"]
[BlackElo "2275"]
[EventDate "2000.09.02"]
[PlyCount "94"]

1.Nf3 f5 2.d4 g6 3.g3 Bg7 4.Bg2 d6 5.b3 Nf6 6.Bb2 O-O 7.O-O c6 8.Nbd2 Qe8 
9.Nc4 h6 10.a4 g5 11.e3 Na6 12.Ne1 Be6 13.Qe2 Nc7 14.a5 Bd5 15.f3 Qh5 16.
Rf2 Qg6 17.Nd3 Ne6 18.a6 b6 19.Nce5 dxe5 20.Nxe5 Qh5 21.c4 Rac8 22.e4 fxe4
23.fxe4 Qxe2 24.Rxe2 Nxd4 25.Bxd4 Be6 26.Nxc6 Rxc6 27.e5 Bg4 28.Bxc6 Bxe2 
29.exf6 Bxf6 30.Bd5+ Kg7 31.Bxf6+ Kxf6 32.Re1 Bg4 33.Rf1+ Kg7 34.Rxf8 Kxf8
35.Kf2 e6 36.Bc6 Ke7 37.b4 Kd6 38.Be4 e5 39.Ke3 Bc8 40.Bd3 Ke6 41.c5 bxc5 
42.b5 Kd6 43.b6 axb6 44.a7 Bb7 45.Be4 Kc7 46.a8=Q Bxa8 47.Bxa8 c4 1/2-1/2

[Event "18th WCh U20 Girls"]
[Site "Yerevan ARM"]
[Date "2000.09.28"]
[Round "9"]
[White "Jackova, Jana"]
[Black "Galoian, Lilit"]
[Result "1/2-1/2"]
[WhiteElo "2358"]
[BlackElo "2114"]
[EventDate "2000.09.02"]
[PlyCount "90"]

1.e4 c5 2.Nf3 Nc6 3.Bb5 g6 4.Bxc6 bxc6 5.O-O Bg7 6.Re1 e5 7.c3 Ne7 8.d4 
cxd4 9.cxd4 exd4 10.Nxd4 O-O 11.Nc3 d5 12.exd5 cxd5 13.Bg5 f6 14.Bf4 g5 
15.Bg3 a6 16.Qb3 Rf7 17.h3 Ra7 18.Rxe7 Qxe7 19.Nc6 Qb7 20.Qxd5 Qd7 21.Nxa7
Qxd5 22.Nxd5 Rxa7 23.Bd6 Kf7 24.Rc1 Be6 25.Rc7+ Rxc7 26.Nxc7 Bxa2 27.Nxa6 
Ke6 28.Ba3 f5 29.Nb4 Bc4 30.Nc2 Bb3 31.Ne3 Bd4 32.Nf1 Bc2 33.Nd2 Bd3 34.
Nf3 Bf6 35.Bb4 h5 36.Bc3 Bd8 37.Ne1 Bc4 38.Nf3 Bd3 39.Ne5 Bb5 40.g3 g4 41.
Ng6 Bc7 42.Nh4 f4 43.gxf4 Bxf4 44.Ng2 Kf5 45.hxg4+ hxg4 1/2-1/2

[Event "18th WCh U20 Girls"]
[Site "Yerevan ARM"]
[Date "2000.09.28"]
[Round "9"]
[White "Khukhashvili, Sopiko"]
[Black "Mosin, Cristina"]
[Result "1-0"]
[WhiteElo "2272"]
[BlackElo "2191"]
[EventDate "2000.09.02"]
[PlyCount "85"]

1.e4 c5 2.Nf3 Nc6 3.d4 cxd4 4.Nxd4 Nf6 5.Nc3 e5 6.Ndb5 d6 7.Bg5 a6 8.Na3 
b5 9.Nd5 Be7 10.Bxf6 Bxf6 11.c3 Bg5 12.Nc2 O-O 13.g3 Be6 14.h4 Bh6 15.Ncb4
Nxb4 16.Nxb4 a5 17.Nd5 b4 18.cxb4 axb4 19.Bc4 Kh8 20.O-O f5 21.exf5 Bxf5 
22.Re1 Rb8 23.Ne3 Bh3 24.Bd5 Qf6 25.Qe2 Rbd8 26.Rad1 g5 27.hxg5 Bxg5 28.
Be4 Bxe3 29.Qxe3 h5 30.Bg2 Bg4 31.f3 Bf5 32.f4 e4 33.Bxe4 Bxe4 34.Qxe4 Rg8
35.Qd4 Rxg3+ 36.Kf2 Rg6 37.Rh1 Kg8 38.Rxh5 Qxd4+ 39.Rxd4 Ra8 40.f5 Rf6 41.
Rg4+ Kf7 42.Rh7+ Ke8 43.Rg8+ 1-0

[Event "18th WCh U20 Girls"]
[Site "Yerevan ARM"]
[Date "2000.09.28"]
[Round "9"]
[White "Gasparian, Mariana"]
[Black "Javakhishvili, Lela"]
[Result "1/2-1/2"]
[WhiteElo "2090"]
[BlackElo "2301"]
[EventDate "2000.09.02"]
[PlyCount "128"]

1.d4 Nf6 2.Nf3 e6 3.c4 Bb4+ 4.Bd2 a5 5.g3 O-O 6.Bg2 d5 7.O-O c6 8.Bxb4 
axb4 9.Nbd2 b6 10.Ne5 c5 11.dxc5 bxc5 12.Nd3 Qb6 13.Qc2 Ba6 14.cxd5 exd5 
15.Qxc5 Qxc5 16.Nxc5 Bxe2 17.Rfe1 Bb5 18.Nf1 Na6 19.Nb3 Bc4 20.Nbd2 Bxf1 
21.Kxf1 Nc5 22.Red1 Na4 23.Rab1 Rfc8 24.Nb3 Nb6 25.Rbc1 h6 26.Rxc8+ Rxc8 
27.Rd2 Nc4 28.Re2 Nd6 29.Ke1 Rc7 30.Kd1 Kf8 31.Rd2 Nc4 32.Rc2 Ra7 33.Nc1 
Ke7 34.Bf1 Nb6 35.Rc6 Nbd7 36.Bg2 Ra5 37.Rc7 Ng4 38.Ke2 Kd6 39.Rb7 Rc5 40.
Nd3 Rc2+ 41.Kd1 Rc4 42.h3 Nde5 43.Nxb4 Nxf2+ 44.Ke2 Ne4 45.g4 Rd4 46.Ke3 
Rd2 47.Bxe4 Nc4+ 48.Kf3 dxe4+ 49.Kxe4 Nxb2 50.Rxf7 Rh2 51.Rf3 Nc4 52.Rc3 
Ne5 53.a4 Rb2 54.Nc2 Nd7 55.Kf5 Nb6 56.Kg6 Nd5 57.Rc4 Rb7 58.Nd4 Nf4+ 59.
Kh7 Kd5 60.Nb5 Kxc4 61.Nd6+ Kb4 62.Nxb7 Nxh3 63.a5 Kb5 64.Kxg7 Nf2 1/2-1/2

[Event "18th WCh U20 Girls"]
[Site "Yerevan ARM"]
[Date "2000.09.28"]
[Round "9"]
[White "Aginian, Nelly"]
[Black "Ionica, Iulia"]
[Result "1/2-1/2"]
[WhiteElo "2205"]
[BlackElo "2160"]
[EventDate "2000.09.02"]
[PlyCount "90"]

1.e4 c5 2.Nf3 e6 3.d4 cxd4 4.Nxd4 Nf6 5.Nc3 d6 6.Be3 a6 7.f3 b5 8.g4 Bb7 
9.Qd2 Qa5 10.Qf2 Nfd7 11.Nb3 Qc7 12.O-O-O Nc6 13.g5 Nce5 14.h4 Rb8 15.h5 
b4 16.Nb1 d5 17.exd5 Bxd5 18.Rxd5 exd5 19.Bd4 Bd6 20.h6 Rg8 21.hxg7 Ng6 
22.Rxh7 Bf4+ 23.Kd1 Be5 24.Bd3 Bxd4 25.Qxd4 Qe5 26.Bxg6 Qxd4+ 27.Nxd4 fxg6
28.c3 bxc3 29.Nxc3 Kf7 30.Nxd5 Ne5 31.Rh4 Kxg7 32.Re4 Rge8 33.Nf6 Re7 34.
f4 Nc6 35.Nxc6 Rxe4 36.Nxe4 Rxb2 37.a4 Kf7 38.Ne5+ Ke6 39.Nc5+ Kf5 40.Nxa6
Ra2 41.Nb4 Rxa4 42.Nbd3 Rxf4 43.Nxf4 Kxe5 44.Nh3 Kf5 45.Ke2 Kg4 1/2-1/2

[Event "18th WCh U20 Girls"]
[Site "Yerevan ARM"]
[Date "2000.09.28"]
[Round "9"]
[White "Minnaar, Michelle"]
[Black "Gvetadze, Sopio"]
[Result "1/2-1/2"]
[WhiteElo "2062"]
[BlackElo "2196"]
[EventDate "2000.09.02"]
[PlyCount "125"]

1.d4 d5 2.Nf3 Nf6 3.Bg5 e6 4.Nbd2 h6 5.Bh4 Be7 6.e3 O-O 7.Bd3 b6 8.O-O Bb7
9.c3 Nbd7 10.Ne5 Nxe5 11.dxe5 Nd7 12.Bxe7 Qxe7 13.f4 c5 14.Nf3 Rad8 15.g4 
g6 16.Rf2 Kh8 17.Qf1 Rg8 18.Qh3 Kg7 19.Kf1 Bc8 20.Nh4 Kf8 21.Nf3 Rh8 22.
Qg3 Ke8 23.h4 Rg8 24.Ke2 c4 25.Bc2 b5 26.a3 a5 27.Nd4 Ba6 28.Qf3 Qc5 29.
Rh2 Qb6 30.Rhh1 b4 31.Kd2 b3 32.Bd1 Nc5 33.Rb1 Ne4+ 34.Ke1 a4 35.Qg2 Bb7 
36.Bf3 Nc5 37.Be2 Rc8 38.Rf1 Qa5 39.Bf3 Ke7 40.Kd2 Qb6 41.g5 h5 42.Rh1 
Rgd8 43.Qg1 Ra8 44.Ke2 Nd3 45.Qd1 Ra5 46.Qd2 Qc7 47.Rh3 Kd7 48.Rf1 Kc8 49.
Rhh1 Rd7 50.Rh3 Kb8 51.Rhh1 Ka7 52.Rh3 Kb6 53.Kd1 Ra8 54.Be2 Nc5 55.Rh2 
Rad8 56.Rg2 Ne4 57.Qe1 Re7 58.Bf3 Nc5 59.Be2 Ka5 60.Qd2 Nd7 61.Rgf2 Nc5 
62.Rh2 Nd7 63.Rhf2 1/2-1/2

[Event "18th WCh U20 Girls"]
[Site "Yerevan ARM"]
[Date "2000.09.28"]
[Round "9"]
[White "Kaps, Darja"]
[Black "Babataeva, Indira"]
[Result "1-0"]
[WhiteElo "2180"]
[BlackElo "2077"]
[EventDate "2000.09.02"]
[PlyCount "73"]

1.e4 c5 2.Nf3 g6 3.d4 Bg7 4.Nc3 cxd4 5.Nxd4 Nc6 6.Be3 Nf6 7.Nb3 d6 8.Be2 
O-O 9.O-O Be6 10.f4 Na5 11.Nxa5 Qxa5 12.Bf3 Rac8 13.Nd5 Nxd5 14.exd5 Bf5 
15.c3 b5 16.g4 Bd7 17.a3 Qc7 18.Re1 e6 19.Bd4 e5 20.fxe5 dxe5 21.Bf2 f5 
22.d6 Qb8 23.gxf5 Rxf5 24.Be4 Rf6 25.Qd5+ Kh8 26.Rad1 Rc6 27.Bc5 Rc8 28.b4
Rcf8 29.Qd3 Bh6 30.Rf1 Bf4 31.Qd5 R6f7 32.Rxf4 exf4 33.Bd4+ Kg8 34.Qe5 Rf6
35.Bd5+ Kh8 36.Qe7 Qxd6 37.Qxd6 1-0

[Event "18th WCh U20 Girls"]
[Site "Yerevan ARM"]
[Date "2000.09.28"]
[Round "9"]
[White "Horn, Emilia"]
[Black "Plachkinova, Tatiana"]
[Result "1/2-1/2"]
[WhiteElo "2052"]
[BlackElo "2171"]
[EventDate "2000.09.02"]
[PlyCount "117"]

1.e4 c5 2.Nf3 Nc6 3.Bb5 Qc7 4.Bxc6 Qxc6 5.d3 g6 6.O-O d6 7.Re1 Bg7 8.c3 
Nf6 9.e5 Ng4 10.exd6 Qxd6 11.h3 Nf6 12.d4 O-O 13.dxc5 Qxc5 14.Qe2 Be6 15.
Nbd2 Rfe8 16.Nd4 Bd5 17.N2b3 Qc8 18.Nc2 e5 19.Nb4 Bc4 20.Qc2 a5 21.Nd3 Qf5
22.Re3 Nd5 23.Rf3 Nf4 24.Bxf4 e4 25.Ne1 exf3 26.Qxf5 gxf5 27.Nxf3 Re2 28.
Nbd2 Bd3 29.Be3 Re8 30.Rd1 Ba6 31.Kh1 f4 32.Bb6 a4 33.Bc5 Bf8 34.Bd4 Bg7 
35.Bc5 Bf6 36.Kg1 R8e6 37.Bb4 Be7 38.a3 Bb5 39.c4 Bxb4 40.axb4 Bc6 41.Kf1 
Bxf3 42.gxf3 b6 43.c5 b5 44.c6 Re8 45.Ne4 Rc2 46.Nf6+ Kf8 47.Nxe8 Kxe8 48.
Rd5 Rxc6 49.Rxb5 Rc2 50.Ra5 Rxb2 51.Rxa4 Ke7 52.b5 Rxb5 53.Rxf4 Ke6 54.Rh4
h5 55.Ke2 Kf6 56.Ke3 Kg5 57.Rd4 Rb3+ 58.Ke2 Ra3 59.Rc4 1/2-1/2

[Event "18th WCh U20 Girls"]
[Site "Yerevan ARM"]
[Date "2000.09.29"]
[Round "10"]
[White "Pahtz, Elisabeth"]
[Black "Wang Yu"]
[Result "1/2-1/2"]
[WhiteElo "2343"]
[BlackElo "2401"]
[EventDate "2000.09.02"]
[PlyCount "85"]

1.e4 e5 2.Nf3 Nc6 3.Bb5 a6 4.Ba4 Nf6 5.O-O Be7 6.Bxc6 dxc6 7.Qe2 Nd7 8.b3 
f6 9.Bb2 c5 10.Nh4 O-O 11.Nc3 Nb8 12.Nf5 Bxf5 13.exf5 Nc6 14.Ne4 Kh8 15.c3
Qd7 16.Qh5 Bd6 17.Rad1 Ne7 18.Ng3 a5 19.Qf3 a4 20.Qe4 Qc6 21.Qxc6 Nxc6 22.
Rb1 b6 23.Rfe1 Rfd8 24.Kf1 Bf8 25.Ne4 Kg8 26.Ke2 Ne7 27.g4 Nd5 28.Kd1 Kf7 
29.Kc2 Be7 30.Ng3 Nf4 31.Re4 axb3+ 32.axb3 Nd3 33.f3 Ra2 34.Nf1 c4 35.Rxc4
Ba3 36.Rxc7+ Kg8 37.Ra7 Nxb2 38.Rxa3 Rxa3 39.Kxb2 Ra7 40.Re1 Rad7 41.Kc2 
Kf7 42.b4 b5 43.Kd1 1/2-1/2

[Event "18th WCh U20 Girls"]
[Site "Yerevan ARM"]
[Date "2000.09.29"]
[Round "10"]
[White "Mohota, Nisha"]
[Black "Pina Vega, Sulennis"]
[Result "0-1"]
[WhiteElo "2275"]
[BlackElo "2312"]
[EventDate "2000.09.02"]
[PlyCount "80"]

1.d4 Nf6 2.c4 d6 3.Nc3 Nbd7 4.e4 e5 5.Nf3 Be7 6.Be2 O-O 7.O-O c6 8.Be3 Qc7
9.d5 Nc5 10.Nd2 a5 11.a3 cxd5 12.cxd5 Bd7 13.f4 exf4 14.Bxf4 b5 15.Qc2 b4 
16.Nd1 Rac8 17.axb4 axb4 18.Nf2 Rfe8 19.Rfc1 Bf8 20.Qc4 Qb7 21.Re1 Ncxe4 
22.Qd4 Nxf2 23.Kxf2 Qxd5 24.Qxb4 Ne4+ 25.Kg1 Qf5 26.Be3 d5 27.Qb3 Rb8 28.
Qc2 Rec8 29.Qb1 Qe5 30.Nf3 Qxb2 31.Qxb2 Rxb2 32.Ra7 Be6 33.Kf1 h6 34.Bd4 
Rbc2 35.Be3 Bb4 36.Rea1 Bc3 37.Nd4 Bxd4 38.Bxd4 Rc1+ 39.Bd1 Bg4 40.Ke1 
Bxd1 0-1

[Event "18th WCh U20 Girls"]
[Site "Yerevan ARM"]
[Date "2000.09.29"]
[Round "10"]
[White "Calotescu, Ana-Cristina"]
[Black "Jackova, Jana"]
[Result "1/2-1/2"]
[WhiteElo "2222"]
[BlackElo "2358"]
[EventDate "2000.09.02"]
[PlyCount "45"]

1.d4 d5 2.Nf3 Nf6 3.c4 dxc4 4.Nc3 a6 5.e4 b5 6.e5 Nd5 7.a4 e6 8.axb5 Nb6 
9.Be3 Bb4 10.Nd2 Bxc3 11.bxc3 axb5 12.Rxa8 Nxa8 13.Nxc4 bxc4 14.Qa4+ Nd7 
15.Qxa8 Nb6 16.Qe4 Qd5 17.Qxd5 exd5 18.Be2 Bf5 19.Kd2 Kd7 20.Ra1 Rb8 21.g4
Be4 22.f3 Bg6 23.h4 1/2-1/2

[Event "18th WCh U20 Girls"]
[Site "Yerevan ARM"]
[Date "2000.09.29"]
[Round "10"]
[White "Zimina, Olga"]
[Black "Javakhishvili, Lela"]
[Result "1-0"]
[WhiteElo "2263"]
[BlackElo "2301"]
[EventDate "2000.09.02"]
[PlyCount "115"]

1.e4 c5 2.Nf3 Nc6 3.Bb5 e6 4.Bxc6 bxc6 5.b3 f6 6.O-O Nh6 7.d4 Nf7 8.Ba3 
cxd4 9.Bxf8 Kxf8 10.Qxd4 e5 11.Qd2 d6 12.c4 Be6 13.Nc3 g5 14.Ne1 Kg7 15.
Nc2 h5 16.Ne3 Qe7 17.b4 Kg6 18.a4 Rhc8 19.a5 Rab8 20.Rab1 Qd8 21.Qd3 Rb7 
22.a6 Rbb8 23.Rfd1 Qb6 24.Ncd5 Qd8 25.b5 cxb5 26.cxb5 Rc5 27.h3 Qd7 28.b6 
axb6 29.Nxb6 Qa7 30.Ned5 f5 31.Rb4 f4 32.Ra1 g4 33.h4 Kg7 34.g3 fxg3 35.
Qxg3 Rc6 36.Qe3 Kh8 37.Nc4 Ra8 38.Rba4 Qxe3 39.Ncxe3 Ra7 40.Kg2 Kg7 41.Nb4
Rc5 42.Ra5 Bc8 43.Ned5 Nd8 44.Nb6 Rc3 45.Rd5 Ne6 46.Nxc8 Nf4+ 47.Kf1 Rxc8 
48.Rxd6 Rb8 49.Ra4 Rc7 50.Ke1 Rc4 51.a7 Rxe4+ 52.Kd1 Ra8 53.Rd7+ Kf8 54.
Rb7 Rd4+ 55.Kc2 Ne6 56.Ra6 Nc5 57.Rb8+ Rd8 58.Rxd8+ 1-0

[Event "18th WCh U20 Girls"]
[Site "Yerevan ARM"]
[Date "2000.09.29"]
[Round "10"]
[White "Ramaswamy, Aarthie"]
[Black "Kaps, Darja"]
[Result "1/2-1/2"]
[WhiteElo "2319"]
[BlackElo "2180"]
[EventDate "2000.09.02"]
[PlyCount "21"]

1.e4 c6 2.d4 d5 3.Nd2 g6 4.Ngf3 Bg7 5.Bd3 Bg4 6.c3 Nf6 7.h3 Bxf3 8.Qxf3 
dxe4 9.Nxe4 Nbd7 10.O-O O-O 11.Nxf6+ 1/2-1/2